000 00308nam a2200121 a 4500
005 20140513081054.0
008 090905s19uu xx 00 eng d
050 _aVCD
_bAn532 2002
245 _aAn Angel for Christmas/.
260 _bGoodtimes,
_c2002.
500 _aApproximately 45 minutes
999 _c116437
_d116437